| 000 | 00531nam a2200193Ia 4500 | ||
|---|---|---|---|
| 005 | 20250326125823.0 | ||
| 008 | 250326s9999 xx 000 0 und d | ||
| 037 | _aTextbook | ||
| 040 |
_aFMSL _beng _cFMSL |
||
| 041 |
_aeng _2eng |
||
| 084 |
_aX:74 N1 _qFMSL |
||
| 100 |
_aKelley P C _9739756 |
||
| 245 | 0 |
_aHow to organise & operate a small business _cKelley P C |
|
| 250 | _a3 | ||
| 260 |
_aEnglewood _bEnglewood, Cliffs P H India _c1961 |
||
| 300 | _a618p | ||
| 942 |
_cTB _hX:74 N1 |
||
| 999 |
_c1279732 _d1279732 |
||